000 00562 a2200181 4500
999 _c4713
_d4713
020 _a0873674111.
_a0873674170
050 0 0 _aLC 1752 SEX 1976
100 1 _aSexton, Patricia Cayo.
_eAuthor
245 1 0 _aWomen in education /
_cby Patricia Sexton.
264 _aBloomington:
_bThe Phi Delta Kappa Education,
_c1976
300 _avii, 189 p. ;
440 0 _aPerspectives in American education
500 _aIncludes index.
650 0 _aWomen
_xEducation
650 0 _aSex discrimination in education
650 0 _aWomen teachers
942 _2lcc
_cBK
_h1752
_iSEX
_kLC